10 biggest Cargo-Airlines - Statistics

General Stats
  • This quiz has been taken 92 times
  • The average score is 4 of 10
Answer Stats
tkm
transported
Airline % Correct
19,66 Mrd. FedEx
84%
14,37 Mrd. UPS
82%
7,35 Mrd. Cargolux
50%
9,57 Mrd. Emirates
36%
8,14 Mrd. Cathay Pacific
32%
6,32 Mrd. China Airlines
32%
8,1 Mrd. Korean Air
30%
6,98 Mrd. Turkish Airlines
30%
13,74 Mrd. Qatar Airways
25%
6,59 Mrd. China Southern
23%
No matching quizzes found
Score Distribution
Percent of People with Each Score
Percentile by Number Answered
Your Score History
You have not taken this quiz